Ustedes son mis amigos! 1: la familia, un tesoro por descubrir. Una propuesta nueva para abordar la catequesis familiar
Guardat en:
| Autor principal: | |
|---|---|
| Format: | Llibre |
| Idioma: | espanyol |
| Publicat: |
Buenos Aires
PPC
2017
|
| Edició: | 1a. ed |
| Col·lecció: | Manual del Matrimonio Guía
|
| Matèries: | |
| Etiquetes: |
Afegir etiqueta
Sense etiquetes, Sigues el primer a etiquetar aquest registre!
|
MARC
| LEADER | 00000cam a2200000 a 4500 | ||
|---|---|---|---|
| 001 | UCC3535 | ||
| 003 | CL-VaPUC | ||
| 008 | 180527e20170000ag |||||||||||||||||spa|d | ||
| 020 | |a 9789877402087 | ||
| 082 | 0 | 4 | |a 268 |b VIG |2 21 |
| 100 | 0 | |a Vignoli, Juan Carlos |e author |9 597561 | |
| 245 | 1 | 0 | |a Ustedes son mis amigos! 1: la familia, un tesoro por descubrir. Una propuesta nueva para abordar la catequesis familiar |
| 250 | |a 1a. ed | ||
| 300 | |a 103 p | ||
| 942 | |c BK | ||
| 945 | |d 20180527 18:33:00 |a dcastane | ||
| 260 | |a Buenos Aires |b PPC |c 2017 | ||
| 650 | 7 | |a CATEQUESIS FAMILIAR |2 CL-VaPUC |9 481682 | |
| 650 | 0 | |a Catequesis y vida cristiana |9 320810 | |
| 650 | 7 | |a CATEQUISTAS |2 CL-VaPUC |9 481683 | |
| 650 | 0 | |a Doctrina social de la iglesia |9 257333 | |
| 583 | |a last modification |c 20180527 18:33:00 |k Rodrigo Vera | ||
| 490 | 0 | |a Manual del Matrimonio Guía | |
| 999 | |c 371233 |d 371231 | ||
| 952 | |0 0 |1 0 |3 erb |4 0 |6 268_000000000000000_VIG_2017 |7 0 |8 A |9 488162 |a BIBTEO |b BIBTEO |i 5472709 |o 268 VIG 2017 |p 5472709 |r 2025-01-17 |w 2019-11-24 |y BK |z Catalogado en:20180527 |k ICR | ||